000 00794nam a22002537a 4500
001 BR7503807
003 BR-BrBNA
005 20230928084828.0
007 ta
008 230509b bl.||||| |||| 00| 0 por d
040 _aBR-BrBNA
_bpor
_cBiblioteca Nacional de Agricultura
041 _a(Por)
072 _aE70; F00
_b/G514
090 _ E70 BR7503807
110 1 _aFundacao de Economia e Estatistica, Porto Alegre, RS (Brasil)
_94853
245 1 _aPrograma comercializacao Rio Grande do Sul. Produtos selecionados da lavoura. Termos gerais de referencia [Brasil]
260 3 _aPorto Alegre, RS (Brasil):
_c1975.
300 _a75 p.
650 _aPRODUCAO AGRICOLA
650 _aCOMERCIALIZACAO
650 _aRIO GRANDE DO SUL
909 _a202309
_bLucia
_c55
_dLucia Elande
942 _cBK
999 _c21330
_d21330